| 000 | 00731nam a22002411 4500 | ||
|---|---|---|---|
| 999 |
_c90 _d90 |
||
| 001 | 1220185 | ||
| 005 | 20170927102049.0 | ||
| 008 | 731016s1936 nyu b 000 0 eng | ||
| 010 | _a 50011774 | ||
| 040 |
_aDLC _cDLC _dDLC |
||
| 050 | 0 | 0 |
_aGN24 _b.L56 1936a |
| 082 | 0 | 0 | _a573 |
| 100 | 1 |
_aLinton, Ralph, _d1893-1953. _936286 |
|
| 245 | 1 | 4 |
_aThe study of man; _ban introduction. |
| 250 | _aStudent's ed. | ||
| 260 |
_aNew York, _bD. Appleton-Century Co. _c[c1936] |
||
| 300 |
_aix, 503 p. _c22 cm. |
||
| 490 | 0 | _aThe Century social science series | |
| 504 | _aBibliography: p. 491-497. | ||
| 650 | 0 |
_aAnthropology. _936287 |
|
| 906 |
_a7 _bcbc _corignew _du _eocip _f19 _gy-gencatlg |
||
| 942 |
_2lcc _cMONOGRAPH |
||